Acta Historica Tomus CXX.
Elmentve itt :
| További közreműködők: | |
|---|---|
| Dokumentumtípus: | Folyóirat |
| Megjelent: |
2005
|
| Sorozat: | Acta Universitatis Szegediensis : acta historica
120 |
| Kulcsszavak: | Világtörténelem - tanulmányok |
| Online Access: | http://acta.bibl.u-szeged.hu/37152 |
| LEADER | 00571nas a2200169 i 4500 | ||
|---|---|---|---|
| 001 | acta37152 | ||
| 005 | 20210914090954.0 | ||
| 008 | 161201s2005 hu o 0|| hun d | ||
| 040 | |a SZTE Egyetemi Kiadványok Repozitórium |b hun | ||
| 041 | |a hun | ||
| 245 | 0 | 0 | |a Acta Historica |h [elektronikus dokumentum] : |b Tomus CXX. |
| 260 | |c 2005 | ||
| 300 | |a 139 | ||
| 490 | 0 | |a Acta Universitatis Szegediensis : acta historica |v 120 | |
| 695 | |a Világtörténelem - tanulmányok | ||
| 700 | 0 | 2 | |a J. Nagy László |
| 856 | 4 | 0 | |u http://acta.bibl.u-szeged.hu/37152/1/historica_120.pdf |z Dokumentum-elérés |